Things Made of Sushi Quiz Stats

 Plays Quiz Updated Aug 4, 2019

Score 0/16 Timer 04:00
4 Plays Today
% Correct
Panda
96.4%
Shoe
96.1%
Cat
95.5%
Snowman
95.1%
Car
94.4%
Koi
94.1%
Heart
93.9%
Flower
93.8%
% Correct
Rabbit
93.8%
Penguin
93.6%
Snail
93.4%
Burger
92.3%
Butterfly
92.3%
Seal
84.2%
Santa Claus
82.8%
Crab
82.1%

You're not logged in!

Compare scores with friends on all Sporcle quizzes.
OR
Log In

Sporcle TV

Today on Sporcle TV


Watch our educational content, quiz creation guides, and fun videos on Sporcle TV.

Show Comments

Extras

Top Quizzes Today


Score Distribution

Your Account Isn't Verified!

In order to create a playlist on Sporcle, you need to verify the email address you used during registration. Go to your Sporcle Settings to finish the process.

Report this User

Report this user for behavior that violates our Community Guidelines.

Details: